000
00249nam a2200097Ia 4500
005
20251222114412.0
008
251222s1900||||xx |||||||||||||| ||spa||
082
_a
DVD0098/U61S/2006
245
0
_a
Sinopsis de la poesÃa peruana del siglo XX
942
_c
DVD
999
_c
2069
_d
2069